000 00332nam a2200133Ia 4500
008 220216s9999 xx 000 0 und d
100 _aGunapala P Y Yasalath
245 0 _aModifier resins to improve rubber quality
260 _bRubber Asia
_c1994
300 _a49-60
650 _aResin
650 _aRubber quality
942 _cJS
999 _c63136
_d63136